000 00578nam a2200217Ia 4500
005 20140311163112.0
008 140130s9999 xx 000 0 und d
020 _a0590629468
050 _aPZ 7
_b.Al323Cu 1995
100 _aAlborough, Jez.
_931271
245 _cJez Alborough
_aCuddly dudley /
260 _bScholastic Inc.,
_cc1995.
_aUSA :
300 _a30 p. :
_bcol. ill. ;
_c26 cm.
440 _v1
_931174
521 _aG3
526 _c530
650 _aPenguins
_xFiction.
_931272
651 _aFamily life
_xFiction.
_931273
942 _cBK
_2lcc
999 _c40598
_d40598